Impuesto al valor agregado.

Guardado en:
Autor Corporativo: Argentina.
Formato: Libro
Idioma:Spanish
Publicado: Buenos Aires : Errepar, 2012.
Edición:Versión 3.8.
Series:Separatas de legislación.
Materias:
Etiquetas: Agregar Etiqueta
Sin Etiquetas, Sea el primero en etiquetar este registro!
LEADER 00890nam a22002415a 4500
001 EAD.ead003360
008 130312s2012####ag#######b####001#0#spa#d
005 20160212125434.0
245 0 0 |a Impuesto al valor agregado. 
250 |a Versión 3.8. 
260 |a Buenos Aires :  |b Errepar,  |c 2012. 
300 |a 170 p. ;  |c 28 cm. 
490 1 |a Separatas de legislación 
500 |a "Contiene: Selección de jurisprudencia - Cuadros de alícuotas - Preguntas de autoevaluación"--Tapa. 
504 |a Incluye referencias bibliográficas e índices. 
505 0 |a Ley y decreto reglamentario -- Normas reglamentarias y complementarias. 
020 |a 9789870113317 
110 2 |a Argentina. 
240 1 0 |a Leyes, etc. 
830 0 |a Separatas de legislación. 
082 0 4 |a 336.2714  |2 21 
650 7 |a Impuesto al valor agregado.  |2 unbist 
859 |a AR-BaBDC  |b BIB. ADMINISTRACION - Libros  |h 336.2714  |i Er78  |p b06538